| 000 | 02520cam a2200409 i 4500 | ||
|---|---|---|---|
| 999 |
_c405 _d405 |
||
| 001 | 20628147 | ||
| 003 | OSt | ||
| 005 | 20190809105546.0 | ||
| 008 | 180813s2018 nyu b 001 0deng d | ||
| 010 | _a 2018295084 | ||
| 020 | _a9780062113788 (paperback) | ||
| 035 | _a(OCoLC)on1017934981 | ||
| 040 |
_aTOH _beng _cTOH _erda _dPOETS _dJRU _dMDB _dIK2 _dQQ3 _dYDX _dIGA _dOCP _dOQX _dJTH _dVP@ _dIMD _dUAB _dIUK _dSSH _dNYP _dOCLCA _dOCLCF _dYKC _dDLC |
||
| 042 | _alccopycat | ||
| 082 | 0 | 4 |
_a808.9 FOS _223 |
| 100 | 1 |
_aFoster, Thomas C., _eauthor. |
|
| 245 | 1 | 0 |
_aHow to read poetry like a professor : _ba quippy and sonorous guide to verse / _cThomas C. Foster. |
| 250 | _aFirst edition. | ||
| 264 | 1 |
_aNew York, NY : _bHarper Perennial, _c[2018] |
|
| 300 |
_a212 pages ; _c21 cm |
||
| 336 |
_atext _btxt _2rdacontent |
||
| 337 |
_aunmediated _bn _2rdamedia |
||
| 338 |
_avolume _bnc _2rdacarrier |
||
| 504 | _aIncludes bibliographical references (pages 191-193) and index. | ||
| 505 | 0 | _aWhat is poetry? -- How is poetry? -- Why is poetry? | |
| 520 | _a"No literary form is as admired and feared as poetry. Admired for its lengthy pedigree--a line of poets extending back to a time before recorded history--and a ubiquitous presence in virtually all cultures, poetry is also revered for its great beauty and the powerful emotions it evokes. But the form has also instilled trepidation in its many admirers mainly because of a lack of familiarity and knowledge. Poetry demands more from readers--intellectually, emotionally, and spiritually--than other literary forms. Most of us started out loving poetry because it filled our beloved children's books from Dr. Seuss to Robert Louis Stevenson. Eventually, our reading shifted to prose, and later when we encountered poetry again, we had no recent experience to make it feel familiar. But reading poetry doesn't need to be so overwhelming. In an entertaining and engaging voice, Thomas C. Foster shows readers how to overcome their fear of poetry and learn to enjoy it once more."--Back cover. | ||
| 650 | 0 |
_aPoetry _xExplication. |
|
| 650 | 0 |
_aPoetry _xAppreciation. |
|
| 650 | 0 |
_aPoetry _xAnalysis. |
|
| 650 | 7 |
_aLITERARY CRITICISM / Poetry. _2bisacsh |
|
| 650 | 7 |
_aPOETRY / Subjects & Themes. _2bisacsh |
|
| 650 | 7 |
_aPoetry _xAppreciation. _2fast _0(OCoLC)fst01067692 |
|
| 650 | 7 |
_aPoetry _xExplication. _2fast _0(OCoLC)fst01067716 |
|
| 906 |
_a7 _bcbc _ccopycat _d2 _encip _f20 _gy-gencatlg |
||
| 942 |
_2ddc _cNFIC |
||